El deporte en la infancia: elementos de didáctica para la etapa comprendida entre el nacimiento y los diez años de edad
Guardat en:
| Autor principal: | |
|---|---|
| Format: | Llibre |
| Idioma: | espanyol |
| Publicat: |
Buenos Aires
Paidós
1979
|
| Col·lecció: | Biblioteca de educación física. Sección deportes, 10
|
| Matèries: | |
| Etiquetes: |
Afegir etiqueta
Sense etiquetes, Sigues el primer a etiquetar aquest registre!
|
MARC
| LEADER | 00000nam a2200000 a 4500 | ||
|---|---|---|---|
| 001 | UCZ0709 | ||
| 003 | CL-VaPUC | ||
| 008 | 950809e19790000AG |||||||||||||||||spa|d | ||
| 082 | 0 | 4 | |a 372.86 |b DIE |2 21 |
| 100 | 0 | |a Diem, Liselott |e author |9 343860 | |
| 245 | 1 | 3 | |a El deporte en la infancia: elementos de didáctica para la etapa comprendida entre el nacimiento y los diez años de edad |
| 300 | |a 123 p | ||
| 942 | |c BK | ||
| 945 | |d 19950809 00:00:00 |a mfernand | ||
| 260 | |a Buenos Aires |b Paidós |c 1979 | ||
| 650 | 7 | |a DEPORTE |2 CL-VaPUC |9 343861 | |
| 650 | 0 | |a Niños |9 255605 | |
| 650 | 0 | |a Aprendizaje |9 254827 | |
| 650 | 0 | |a Métodos de enseñanza |9 270413 | |
| 650 | 0 | |a Educación física |9 240893 | |
| 650 | 0 | |a Motivación |9 315362 | |
| 650 | 0 | |a Educación básica |9 224933 | |
| 583 | |a last modification |c 19950809 00:00:00 |k Rodrigo Vera | ||
| 490 | 0 | |a Biblioteca de educación física. Sección deportes, 10 | |
| 999 | |c 237619 |d 237617 | ||
| 952 | |0 0 |1 0 |4 0 |6 372_860000000000000_DIE_1979 |7 0 |8 P |9 247029 |a BIBEDU |b BIBEDU |c BIBEDU_PB |d 2019-11-18 |i 1558390 |o 372.86 DIE 1979 |p 1558390 |r 2024-01-25 |w 2019-11-18 |y BK |k EDU | ||
| 952 | |0 0 |1 0 |4 0 |6 372_860000000000000_DIE_1979 |7 0 |8 P |9 247030 |a BIBEDU |b BIBEDU |c BIBEDU_PB |d 2019-11-18 |i 1558404 |o 372.86 DIE 1979 |p 1558404 |r 2024-01-25 |w 2019-11-18 |y BK |k EDU | ||
| 952 | |0 0 |1 0 |4 0 |6 372_860000000000000_DIE_1979 |7 0 |8 P |9 247031 |a BIBEDU |b BIBEDU |c BIBEDU_PB |d 2019-11-18 |i 1558412 |o 372.86 DIE 1979 |p 1558412 |r 2024-01-25 |w 2019-11-18 |y BK |k EDU | ||
| 952 | |0 0 |1 0 |4 0 |6 372_860000000000000_DIE_1979 |7 0 |8 P |9 247032 |a BIBEDU |b BIBEDU |c BIBEDU_PB |d 2019-11-18 |i 1558420 |o 372.86 DIE 1979 |p 1558420 |r 2024-01-25 |w 2019-11-18 |y BK |k EDU | ||
| 952 | |0 0 |1 0 |4 0 |6 372_860000000000000_DIE_1979 |7 0 |8 P |9 247033 |a BIBEDU |b BIBEDU |c BIBEDU_PB |d 2019-11-18 |i 1558439 |o 372.86 DIE 1979 |p 1558439 |r 2024-01-25 |w 2019-11-18 |y BK |k EDU | ||
| 952 | |0 0 |1 0 |4 0 |6 372_860000000000000_DIE_1979 |7 0 |8 P |9 247034 |a BIBEDU |b BIBEDU |c BIBEDU_PB |d 2019-11-18 |i 1558447 |o 372.86 DIE 1979 |p 1558447 |r 2024-01-25 |w 2019-11-18 |y BK |k EDU | ||